| 000 | 01746cam a2200289 4500500 | ||
|---|---|---|---|
| 005 | 20260111092824.0 | ||
| 041 | _afre | ||
| 042 | _adc | ||
| 100 | 1 | 0 |
_aDamien, Pierre _eauthor |
| 245 | 0 | 0 | _aVocation de l’esprit. Initiation à la pensée d’Aimé Forest (2) |
| 260 | _c2016. | ||
| 500 | _a31 | ||
| 520 | _aL’A., ermite, invite à la lecture de l’œuvre du philosophe Aimé Forest (1898-1983). Après avoir présenté dans un premier volet la philosophie du consentement ( NRT 138, 2016, p. 419-435), il découvre ici plusieurs thèmes de la pensée forestienne : vie, réflexion et intériorité, idée réflexive du temps, communication, dialogue et amour. Il dégage ainsi la réelle vocation de l’esprit : l’attention. | ||
| 520 | _aVocation of the spirit. Initiation to the thought of Aimé Forest (1898-1983)The author, a hermit, invites us to read the work of the philosopher Aimé Forest (1898-1983). Having presented, in his first part, the philosophy of consent (NRT 138, 2016, p. 419-435), he sets out here several themes of Forest’s thought: life, reflection and interiority, the reflective idea of time, communication, dialogue and love. Thus, he clarifies the real vocation of the spirit: attention. | ||
| 690 | _aAimé Forest (1898-1983) | ||
| 690 | _aamour | ||
| 690 | _aattention | ||
| 690 | _aexistentialisme | ||
| 690 | _atemporalité | ||
| 690 | _aAimé Forest (1898-1983) | ||
| 690 | _aattention | ||
| 690 | _aexistentialism | ||
| 690 | _alove | ||
| 690 | _atemporality | ||
| 786 | 0 | _nNouvelle revue théologique | 138 | 4 | 2016-09-08 | p. 614-632 | 0029-4845 | |
| 856 | 4 | 1 | _uhttps://shs.cairn.info/revue-nouvelle-revue-theologique-2016-4-page-614?lang=fr&redirect-ssocas=7080 |
| 999 |
_c1624492 _d1624492 |
||